01623 a2200193 45000010006000000050017000060080041000230030015000640400040000790800038001192450124001570200022002812640055003033000019003585050928003770410008013051000021013138560095013345920120260407155846.0260407a2009 arg spa dAR-UNSa-BCEJYS aAR-UNSa-BCEJYSbspacAR-UNSa-BCEJYS a331.5xMercado de Trabajo. Empleo10aEl nuevo escenario laboral latinoamericanopregulación, protección y políticas activas en los mercados de trabajo a978-987-629-087-6 1aBuenos Aires :bSiglo XXI Editores Argentinac2009 a318 p.c23 cm. a1. Avances y retos para el perfeccionamiento de la institucionalidad laboral en América Latina / Jürgen Weller - 2. El modelo danés de "flexiguridad" y las lecciones pertinentes para América Latina / Henning Jorgensen - 3. Flexibilidad laboral y seguridad del trabajador: una perspectiva argentina / Adrián Goldin - 4. Flexibilidad y seguridad en el mercado de trabajo: en busca de alternativas para mejorar la protección social de los trabajadores brasileños / José Paulo Zeetano Chahad - 5. Flexibilidad, protección y políticas activas en Chile / Mario D. Velásquez Pinto - 6. México: las dimensiones de la flexiguridad laboral / Clemente Ruiz Durán - 7. Retos pendientes para implementar la flexiguridad en el Perú / Jorge Toyama Miyagusuku, en colaboración con Victoria Rosas Chavéz y Marta Tostes Vieira - 8. Flexiguridad con informalidad : opciones y restricciones / Víctor E. Tokman aspa1 aWeller, Jürgen41uhttps://biblioeco.unsa.edu.ar/pmb/images/libros/L129017.jpgyImagen de portadaqimage/jpeg